[Event "58. BEM 2004"]
[Site "Dortmund"]
[Date "2004.03.15"]
[Round "7.15"]
[White "Volmer, Martin"]
[Black "Benke, Werner"]
[Result "0-1"]
[WhiteElo "1779"]
[BlackElo "1609"]
[Annotator "Fritz 7 (15s)"]
[PlyCount "86"]
[EventDate "2004.??.??"]
[Source "SG Dortmund"]
[SourceDate "2004.12.16"]

{E18: Queen's Indian: Old Main Line (4 g3 Bb7 5 Bg2 Be7 6 0-0 0-0 7 Nc3)
} 1.
Nf3 Nf6 2. c4 e6 3. g3 b6 4. Bg2 Bb7 5. O-O Be7 6. d4 d5 7. cxd5 exd5 8. Nc3
O-O 9. Qc2 Nbd7 10. Ng5 $146 (10. Rd1 Re8 11. Bf4 c6 12. Rac1 (12. Ne5 Nxe5 13.
dxe5 Nh5 14. Be3 g6 15. f4 f6 16. Qb3 Qd7 17. Bf2 fxe5 18. e4 Bd6 19. exd5 c5
20. Qb5 Rad8 21. Qxd7 Rxd7 22. Re1 Kf8 23. Bh3 Rdd8 24. f5 Bc8 25. Be3 gxf5 26.
Bg5 Be7 {Magerramov,E-Azmaiparashvili,Z/Riga 1980/MCL/0-1 (64)}) 12... Nf8 13.
Bh3 Ng6 14. Bg5 h6 15. Be3 Bd6 16. Bf5 Ne7 17. Bd3 Qd7 18. Kg2 Bc8 19. Ng1 Ng4
20. Bd2 Bb7 21. f3 Nf6 22. Nh3 c5 23. e3 c4 24. Bf1 b5 {
Zamikhovsky,A-Botvinnik,M/Moscow 1931/URS-ch/0-1 (46)}) (10. Bf4 c6 (10... c5
11. Rfd1 Qc8 12. Rac1 Rd8 13. Ne5 Nf8 14. Qa4 Ng6 15. Nxg6 hxg6 16. dxc5 Bxc5
17. b4 d4 18. Bxb7 Qxb7 19. bxc5 dxc3 20. c6 Rxd1+ 21. Rxd1 Qe7 22. c7 Rc8 23.
Qa6 Rxc7 24. Bxc7 Qxc7 25. Qd3 Qc5 26. Rc1 Ng4 27. Qd8+ Kh7 28. Qh4+ Nh6 29. e3
b5 30. Qd4 Qxd4 31. exd4 b4 32. d5 Kg8 33. d6 f6 34. d7 Nf7 35. Re1 c2 36. Re8+
Kh7 37. Rc8 {1-0 Rothman,A-Kowalski,S/New York 1946/EXT 99 (37)}) 11. Rad1 Re8
12. Ne5 Bf8 13. e4 Rc8 14. Qb3 Qe7 15. exd5 Nxd5 16. Nxd5 cxd5 17. Bh3 Nxe5 18.
Bxc8 Bxc8 19. dxe5 Bb7 20. Qa4 Ba8 21. Rc1 Rd8 22. Qd4 Qe6 23. b4 a5 24. a3
axb4 {Shipunov,V-Konstantinopolsky,A/Kiev 1938/EXT 98/1-0 (42)}) 10... h6 11.
Nh3 Re8 12. Nf4 {Ist der Bauer d5 hinreichend gedeckt?} 12... c6 {
Nimmt Einfluss auf b5} 13. e4 dxe4 14. Nxe4 Rc8 15. b3 Nxe4 16. Bxe4 Nf6 17.
Bf5 Rc7 (17... Qxd4 $6 18. Bxc8 Bxc8 19. Bb2 $11) 18. Bb2 Bd6 19. Nd3 Rce7 20.
Rfe1 Qc7 21. Ne5 (21. Rxe7 $5 {ist zu erwaegen} 21... Rxe7 22. Bh3 $15) 21...
c5 $17 (21... Bxe5 $6 22. dxe5 c5 23. f3 Rxe5 24. Bxe5 Rxe5 25. Rxe5 Qxe5 26.
Rf1 $11) 22. f4 (22. f3 $17) 22... b5 (22... Bxe5 $142 $5 23. Rxe5 Rxe5 24.
fxe5 Qc6 $19) 23. Bh3 Qb6 24. Rad1 Bxe5 (24... Bd5 $5 $15) 25. dxe5 $11 Nd5 26.
a3 {Befestigt b4} 26... a5 27. Bg2 Rd8 28. f5 Red7 29. Qc1 (29. e6 Re7 $16)
29... b4 {Raumgewinn} (29... Nc7 30. Rxd7 Rxd7 31. Bxb7 c4+ 32. Re3 $11) 30. a4
(30. e6 Re7 31. axb4 axb4 32. Qc4 fxe6 33. h3 $14) 30... Nc3 (30... Ne7 $5 31.
Rxd7 Rxd7 32. Bxb7 c4+ 33. Qe3 Qxe3+ (33... Qxb7 34. e6 (34. bxc4 $143 Nxf5 35.
Qf2 Rd3 $15) 34... fxe6 35. f6 $16) (33... Rxb7 $6 34. Bd4 Qd8 35. Qe4 $11 (35.
bxc4 $2 {ist nicht spielbar} 35... Nxf5 36. Qf3 Qxd4+ 37. Kg2 Qd7 $19)) 34.
Rxe3 c3 35. Bxc3 Nxf5 $15) 31. Rxd7 $11 Rxd7 32. Qe3 $4 {vergibt den Vorteil} (
32. Bxb7 c4+ 33. Qe3 Rxb7 34. e6 fxe6 35. fxe6 Qxe3+ 36. Rxe3 $17) 32... Nd1
$19 33. Rxd1 (33. Qe2 {waere noch eine kleine Chance} 33... c4+ 34. Kh1 Nf2+
35. Kg1 Ne4+ 36. Qe3 Qxe3+ 37. Rxe3 Rd1+ 38. Bf1 $19) 33... Rxd1+ 34. Kf2 Bxg2
35. Kxg2 Qc6+ 36. Kh3 Qd5 37. Qf4 (37. Bc1 {aendert nichts mehr} 37... Rf1 38.
f6 Rf5 $19) 37... Rd3 (37... Rd2 38. Qf1 Rxb2 39. e6 fxe6 40. Qe2 Rxe2 41. Kh4
Rxh2+ 42. Kg4 Qxf5#) 38. f6 (38. Bc1 $19 {haette noch versucht werden koennen})
38... Rd2 39. Ba1 Qe6+ 40. g4 h5 (40... Qxb3+ $142 {ist genauer} 41. Qg3 Rd3
$19) 41. Qg5 (41. fxg7 {hilft auch nicht mehr} 41... Ra2 42. Kg3 Rxa1 $19)
41... Qxg4+ (41... Qxb3+ 42. Bc3 Qxc3+ 43. Qe3 Qxe3+ 44. Kh4 Rxh2#) 42. Qxg4
$19 hxg4+ 43. Kxg4 Ra2 (43... Ra2 44. e6 Rxa1 $19) 0-1

[Event "58. BEM 2004"]
[Site "Dortmund"]
[Date "2004.03.15"]
[Round "7.16"]
[White "Raszelenberg, Patrick"]
[Black "Noori, Mir Ahmad"]
[Result "1-0"]
[WhiteElo "1747"]
[BlackElo "1553"]
[Annotator "Fritz 7 (15s)"]
[PlyCount "71"]
[EventDate "2004.??.??"]
[Source "SG Dortmund"]
[SourceDate "2004.12.16"]

{C00: French: Unusual White 2nd moves
} 1. e4 e6 2. Nf3 g6 3. d4 Bg7 4. Bd3 (4.
Bg5 f6 5. Be3 b6 6. Nc3 d6 7. Bc4 Ne7 8. h4 a5 9. h5 g5 10. h6 Bf8 11. Bb5+ c6
12. Bd3 e5 13. a4 Ng8 14. Bc4 Nxh6 15. Nxg5 Qe7 16. Qh5+ Kd8 17. dxe5 Kc7 18.
exd6+ Qxd6 19. Nf7 Nxf7 20. Qxf7+ Be7 21. Qg7 Rd8 22. Rxh7 Rd7 23. Rd1 Qb4 24.
Rxd7+ Nxd7 25. Bb3 Ba6 26. Qxe7 {
1-0 Sarmiento Alfonso,B-Alvarez,R/Gran Canaria 1989/EXT 97 (26)}) 4... d6 $146
{Es geht um e5} (4... d5 5. e5 Nd7 6. Bg5 f6 7. exf6 Bxf6 8. Bxf6 Qxf6 9. Qd2
h6 10. Nc3 Ne7 11. O-O-O a6 12. Rhe1 Nb6 13. Ne5 Bd7 14. Re2 O-O-O 15. Nxd7
Rxd7 16. Rde1 Rd6 17. Nd1 Nc6 18. c3 Na5 19. Ne3 Rc6 20. Ng4 Qxd4 21. Ne5 Rc5
22. Nxg6 Qa4 23. Kb1 Rd8 24. Qc2 Qg4 25. f3 Qa4 26. Qxa4 Nxa4 27. Rxe6 Kb8 28.
Bc2 Nxc3+ 29. bxc3 Rxc3 30. Kb2 Rc5 31. Bb3 Ka7 32. Ne7 Rb5 33. Rxh6 c5 34. Kc2
c4 35. Ba4 Rb4 36. Re5 Rxa4 37. Rxd5 Rxa2+ 38. Kb1 Rxd5 39. Nxd5 Rxg2 40. f4
Nc6 41. f5 Rd2 42. Ne3 c3 43. f6 Nb4 44. Rh8 Rf2 45. Nc2 Rxc2 {
0-1 Mendes,A-Lopang,T/Istanbul 2000/EXT 2001 (45)}) (4... Ne7 5. Be3 (5. Bg5 b6
6. Nc3 Bb7 7. O-O O-O 8. Qd2 d6 9. Bh6 Nd7 10. Bxg7 Kxg7 11. h4 h6 12. Nh2 f5
13. g4 fxg4 14. Nxg4 Ng8 15. Bc4 Qxh4 16. Bxe6 Ndf6 17. Qe2 Nxg4 18. Qxg4 Qxg4+
19. Bxg4 Rf4 {
Llaneza Vega,M-Gonzalez Fernandez,V/Gijon 1999/EXT 2001/1/2-1/2 (53)}) 5... d5
6. Nc3 Nbc6 7. Ne2 Nb4 8. Ng3 Nxd3+ 9. Qxd3 dxe4 10. Nxe4 O-O 11. h4 f5 12.
Neg5 h6 13. Nh3 Nd5 14. Nf4 Nxf4 15. Bxf4 c5 16. Be5 cxd4 17. Bxd4 Bxd4 18.
Nxd4 Qd5 19. O-O {Metger,J-Paulsen,L/Leipzig 1877/EXT 2002/0-1 (58)}) 5. O-O
Ne7 6. c3 O-O 7. Bg5 Qd7 8. Qd2 a6 {Verhindert das Eindringen auf b5} 9. Bh6 b6
10. Bxg7 Kxg7 11. c4 c6 12. Nc3 d5 13. Ne5 Qd8 14. Ng4 (14. Qe3 a5 $16) 14...
Ng8 15. e5 Qh4 {Schwarz hat Entwicklungsnachteil.} 16. f3 h5 17. g3 Qe7 18. Nf2
Nh6 19. f4 Bb7 20. Na4 (20. b3 Rd8 $16) 20... Nd7 (20... dxc4 21. Be4 (21. Bxc4
$143 b5 $15) 21... Nd7 22. b3 cxb3 23. axb3 $11) 21. b4 (21. cxd5 $5 exd5 22.
Qc3 $16) 21... dxc4 $14 22. Bc2 b5 23. Nc5 Nxc5 24. bxc5 Rad8 25. Ne4 Nf5 {
Uebt Druck auf den rueckstaendigen Bauern d4 aus} 26. Nd6 Nxd6 27. cxd6 Qd7 28.
Rf2 (28. f5 exf5 (28... gxf5 29. Qg5+ Kh8 30. Qxh5+ Kg7 31. Qg5+ Kh7 32. Rf4
Qxd6 33. Rh4#) 29. Bxf5 Qe8 $11 (29... gxf5 30. Qg5+ Kh7 31. Qxh5+ Kg8 32. Qg5+
Kh8 33. Rf4 $18)) 28... Rg8 (28... c5 29. Re1 cxd4 30. Qxd4 $15) 29. Raf1 {
Weiss plant f5} 29... Rc8 $4 {wirft den Vorteil weg} (29... c5 $142 {
haette die Niederlage vermieden} 30. d5 Ba8 $11 (30... exd5 $143 31. f5 $16))
30. f5 $1 $18 {Zerstoerung der Bauerndeckung} 30... exf5 (30... gxf5 31. Bxf5)
31. Bxf5 $1 {Zerstoerung der Bauerndeckung} 31... gxf5 (31... Qxf5 32. Rxf5)
32. Qg5+ (32. Rxf5 Rc7 33. Rf6 Kf8 34. Qh6+ Ke8 35. R1f4 c5 36. dxc7 Qh3 37.
Rc6 Rxg3+ 38. hxg3 Qxg3+ 39. Kf1 Qh3+ 40. Kf2 Qh2+ 41. Ke3 Qg1+ 42. Ke4 Qg2+
43. Kf5 Bc8+ 44. e6 Qd5+ 45. Kf6 Qg5+ 46. Qxg5 Bxe6 47. Qg8+ Kd7 48. c8=Q#)
32... Kf8 $16 33. Qh6+ Rg7 (33... Ke8 34. Qh7 Rf8 35. Rxf5 Rc7 36. dxc7 Qxd4+
37. R5f2 Bc8 38. Qxh5 Qg4 $18) 34. Rxf5 c5 (34... Rc7 {
aendert nichts am Ausgang der Partie} 35. Rg5 Qxd6 36. Qxg7+ Ke8 37. exd6 Bc8
38. Qh8+ Kd7 39. Rxf7+ Kxd6 40. Qe5#) 35. Rg5 (35. Qh8+ Rg8 36. Rxf7+ Qxf7 37.
Rxf7+ Kxf7 38. Qf6+ Ke8 39. Qe7#) 35... f5 36. Qh8+ (36. Qh8+ Kf7 37. Qxg7+ Ke6
38. Rg6+ Kd5 39. Qxd7 $18) (36. Rfxf5+ Kg8 37. e6 Be4 38. exd7 Bxf5 39. Qxg7#)
1-0

[Event "58. BEM 2004"]
[Site "Dortmund"]
[Date "2004.03.15"]
[Round "7.18"]
[White "Rogner, Wolfgang"]
[Black "Orlowski, Wilfried"]
[Result "0-1"]
[WhiteElo "1558"]
[BlackElo "1668"]
[Annotator "Fritz 7 (15s)"]
[PlyCount "64"]
[EventDate "2004.??.??"]
[Source "SG Dortmund"]
[SourceDate "2004.12.16"]

{D00: 1 d4 d5: Unusual lines
} 1. d4 Nf6 2. Nc3 d5 3. e4 Nxe4 4. Nxe4 dxe4 5.
Bc4 e6 6. c3 (6. Nh3 Be7 7. c3 Nd7 8. Qe2 c5 9. dxc5 Nxc5 10. O-O O-O 11. Nf4
Qc7 12. Nh5 {1/2-1/2 Videki,S-Mihalko,J/Nyiregyhaza 1994/EXT 98 (12)}) 6... b6
$146 (6... Nd7 7. Qe2 Nf6 8. Bg5 (8. f3 e3 9. Bxe3 Be7 10. f4 Nd5 11. Bd2 O-O
12. Nf3 c5 13. O-O cxd4 14. cxd4 Bf6 15. Qe4 g6 16. Kh1 Bg7 17. Ne5 a6 18. Rac1
Qd6 19. Bxd5 exd5 20. Qc2 f6 21. Nf3 Rf7 22. h3 Bf5 23. Qc5 Bf8 24. Rfe1 {
1/2-1/2 Maurer,E-Herzel,A/Dresden 2001/CBM 84 ext (24)}) 8... Bd6 9. f3 h6 10.
Bxf6 Qxf6 11. fxe4 Qh4+ 12. Kd1 Bd7 13. Nf3 Qh5 14. Kc2 Qa5 15. Rhf1 Rc8 16. a4
c5 17. e5 Be7 18. d5 exd5 19. Bxd5 Bf5+ 20. Kc1 O-O 21. Nd2 {
Blaauw,C-Zhukova,N/Groningen 1994/EXT 97/1-0 (38)}) (6... c5 7. d5 (7. Be3 cxd4
8. Bxd4 Nc6 9. Be3 Qxd1+ 10. Rxd1 a6 11. f3 b5 12. Be2 exf3 13. Nxf3 Be7 14.
O-O O-O 15. Nd4 Nxd4 16. Bxd4 Bb7 17. Bb6 Bc6 18. Bf3 Rac8 19. Rd2 e5 20. Bxc6
Rxc6 21. Be3 Rd8 22. Rxd8+ Bxd8 23. Rd1 Be7 24. Kf2 f5 25. Rd5 Bd6 26. g3 Kf7
27. Kf3 Ke6 28. Rd1 h6 29. h4 Rc4 30. Re1 Ra4 31. a3 Rg4 32. Bf4 g5 33. hxg5
hxg5 34. Bc1 e4+ {0-1 Szonyi,K-Csiszar,C/Zalakaros 1995/EXT 97 (34)}) 7... e5
8. Bb5+ Bd7 9. Bxd7+ Nxd7 10. c4 Bd6 11. Qg4 O-O 12. Bh6 Qf6 13. Bg5 Qg6 14. h4
f5 15. Qh3 h6 16. Bd2 Nf6 17. O-O-O a6 18. Ne2 b5 19. b3 Ng4 20. Rdf1 bxc4 21.
h5 {Barg,A-Rasmussen,B/Canada 1997/EXT 99/0-1 (32)}) 7. Ne2 Bb7 8. O-O Bd6 9.
Ng3 O-O 10. Qg4 Bxg3 11. fxg3 Qe7 (11... Kh8 $142 $5 $11 {ist zu beachten}) 12.
Bg5 $16 f6 13. Bxe6+ (13. Rxf6 Rxf6 14. Bxf6 Qxf6 $16) 13... Kh8 $16 14. Bd2
Bc6 (14... Re8 $5 {ist bedenkenswert} 15. Bb3 a5 $14) 15. Rae1 $16 Re8 16. Bf5
(16. Bb3 $142 $16) 16... g6 $11 17. Bxg6 hxg6 18. Qxg6 Nd7 (18... Qg7 19. Qf5
Qf7 20. c4 $11) 19. Rf5 (19. Rf4 Qg7 20. Qf5 $18) 19... Qg7 $15 20. Qh5+ Qh7
21. Qe2 $4 (21. Bf4 $142 $15 {war noch moeglich}) 21... Qxf5 $19 22. Rf1 Qd5
23. Rf4 Re7 24. Qe3 (24. Rh4+ {hilft auch nicht mehr} 24... Rh7 25. Rxh7+ Kxh7
$19) 24... Rh7 (24... Qxa2 $5 {gibt noch groesseren Vorteil} 25. Bc1 $19) 25.
b3 Re8 26. c4 Qf7 27. d5 Bb7 28. Bc3 (28. Rxe4 {hilft allerdings auch nicht}
28... Ne5 29. Bc3 Qg6 $19) 28... Qg6 29. Qe2 Rh5 (29... c6 $142 $5 {
und Schwarz haette es noch leichter} 30. dxc6 Bxc6 31. b4 $19) 30. Bxf6+ Nxf6
31. Rxf6 {Beseitigung einer Deckungsfigur: f6} 31... Qg5 (31... Qxf6 {
Eine Ablenkung} 32. Qxh5+ {Kombination mit Doppelangriff}) 32. Qb2 Qe5 (32...
Qe5 33. Qxe5 Rexe5 $19) 0-1

[Event "58. BEM 2004"]
[Site "Dortmund"]
[Date "2004.03.15"]
[Round "7.19"]
[White "Kartsev, Alexandr"]
[Black "Schultz, Bernfried"]
[Result "0-1"]
[WhiteElo "1341"]
[BlackElo "1611"]
[Annotator "Fritz 7 (15s)"]
[PlyCount "90"]
[EventDate "2004.??.??"]
[Source "SG Dortmund"]
[SourceDate "2004.12.16"]

{A45: Trompowsky Attack
} 1. d4 Nf6 2. Bg5 Ne4 3. Bf4 e6 4. f3 Nf6 (4... Bd6 5.
Bxd6 Nxd6 6. e4 b6 7. Bd3 Ba6 8. Ne2 Nc4 9. Qc1 d5 10. O-O O-O 11. e5 c5 12. c3
Na5 13. Qc2 Bxd3 14. Qxd3 Nd7 15. Nd2 Qe7 16. f4 g6 17. Nf3 Rab8 18. Kh1 b5 19.
g4 Rb6 20. f5 c4 21. Qe3 exf5 22. gxf5 Rd8 23. Ng5 h6 24. Nf3 g5 25. Qg1 Kh7
26. Rae1 f6 27. e6 Nf8 28. Rf2 Nc6 29. h4 Qg7 30. Rh2 Kg8 31. Rg2 Nh7 32. Nf4
Ne7 33. Nh5 Qf8 34. hxg5 hxg5 35. Ng3 Rdb8 36. Qh2 b4 37. cxb4 Rxb4 38. Reg1
R8b7 39. Rf1 {Dreesen,J-Bagci,H/Leopoldsburg 2000/EXT 2001/1-0 (71)}) 5. e4 d5
(5... c5 6. c3 Be7 7. Qd2 O-O 8. Bd3 d6 9. Ne2 Nc6 10. Be3 Qa5 11. a3 a6 12. b4
Qc7 13. O-O b5 14. a4 bxa4 15. Na3 cxb4 16. cxb4 Bd7 17. Rfc1 Qd8 18. Nc2 a5
19. b5 Nb4 20. Rxa4 {Plaskett,J-Bronstein,D/Hastings 1993/CBM 33 ext/1-0 (70)})
6. Nd2 $146 (6. Bd3 Bb4+ 7. c3 Bd6 8. e5 Nh5 9. Be3 Be7 10. f4 Bh4+ 11. g3 Nxg3
12. hxg3 Bxg3+ 13. Kf1 g5 14. fxg5 c5 15. Qg4 Qb6 16. b3 c4 17. Rxh7 Rxh7 18.
Bxh7 Bxe5 19. g6 cxb3 20. axb3 Bg7 {
Schlachowitsch,M-Baars,J/Bad Zwesten 1999/CBM 68 ext/1-0 (36)}) (6. Bg5 Be7 7.
e5 Nfd7 8. Bxe7 Qxe7 9. Bd3 Qh4+ 10. g3 Qxd4 11. f4 Qxb2 12. Nd2 Nc5 13. Nb3
Qc3+ 14. Kf1 Nxd3 15. cxd3 Qb4 16. Rc1 c6 17. Nf3 b6 18. Nbd4 Bd7 19. Kg2 c5
20. Ne2 Ba4 {Borensztajn,D-Wayman,T/Las Vegas 1996/EXT 2001/0-1 (30)}) (6. e5
Nfd7 7. Be3 c5 8. c3 Nc6 9. f4 Qb6 10. Qd2 Be7 11. Nf3 O-O 12. Be2 cxd4 13.
cxd4 Na5 14. b3 Nb8 15. Nc3 Bd7 16. O-O Na6 17. f5 Rac8 18. f6 Bb4 19. Rac1 Qc7
20. Bf2 h6 21. Qf4 Qd8 22. Qg3 g6 23. Qf4 Re8 24. Qxh6 Bf8 25. Qh4 Bg7 26. Ng5
{1-0 Kasparov,G-Ribeiro,L/Lisbon 1999/EXT 2002 (26)}) 6... c5 7. Bb5+ Bd7 8.
Bxd7+ Nbxd7 9. Ne2 cxd4 10. Nxd4 $2 (10. Bg3 $142 $17) 10... e5 $19 11. Bg5
exd4 12. exd5 Qe7+ 13. Kf2 Ng4+ 14. fxg4 Qxg5 15. Re1+ Kd8 16. Nf3 Qxg4 17.
Qxd4 $4 {Weiss verkuerzt seine Leiden} (17. Nxd4 Nf6 18. Qxg4 Nxg4+ 19. Kf3
Nxh2+ 20. Kg3 Bd6+ 21. Kh3 $19) 17... Bc5 18. Qxc5 Nxc5 19. d6 (19. b3 {
macht keinen grossen Unterschied} 19... Re8 20. Rxe8+ Kxe8 $19) 19... Ne4+ 20.
Kg1 Re8 21. Rad1 f5 (21... Ng5 $142 $5 {ginge schneller} 22. Nxg5 Rxe1+ 23.
Rxe1 Qxg5 24. c3 $19) 22. d7 Re6 23. h3 (23. Re2 {nuetzt auch nichts mehr}
23... Ng5 24. Rxe6 Nxe6 $19) 23... Qg3 24. Re2 Rd6 (24... Ng5 {
damit wuerde Schwarz es sich noch erleichtern} 25. Rxe6 Nxh3+ 26. Kh1 Nf2+ 27.
Kg1 Nxd1 28. Re2 $19) 25. Rxd6 (25. Rd3 {hilft allerdings auch nicht} 25...
Kxd7 26. Nd4 Qg5 $19) 25... Nxd6 (25... Qxd6 {
erleichterte Schwarz die Gewinnfuehrung} 26. c3 Qd1+ 27. Re1 $19) 26. Re3 (26.
Rd2 {aendert den Lauf der Dinge nicht} 26... Kxd7 27. Re2 Re8 28. Rxe8 Kxe8 $19
) 26... Ne4 27. Rd3 Qf2+ 28. Kh2 Qg3+ (28... a5 {ginge schneller} 29. Rd5 Ra6
30. Ne5 Qg3+ 31. Kg1 $19) 29. Kg1 Nf2 30. Rd2 Nxh3+ 31. Kh1 Nf2+ (31... g5 $142
$5 {waere im Gewinnsinne praeziser} 32. gxh3 Qxf3+ 33. Kg1 $19) 32. Kg1 Ne4 33.
Rd3 h5 34. Nd4 Qe5 (34... Qe1+ $142 $5 {laesst dem Gegner kaum Chancen} 35. Kh2
Nf2 36. Nf3 $19) 35. c3 Nc5 36. Rd1 g5 37. Nf3 Qg3 (37... Qe3+ 38. Kh1 Nd3 39.
Rxd3 Qxd3 40. c4 Qf1+ 41. Kh2 g4 42. Kg3 gxf3 43. a4 fxg2 44. Kh4 g1=Q 45. Kxh5
Qh3#) 38. Nd4 Qe5 (38... Nd3 $142 {
damit wuerde Schwarz es sich noch erleichtern} 39. Rxd3 Qxd3 40. Ne6+ Ke7 41.
d8=Q+ Rxd8 42. Nxd8 $19) 39. Nf3 Qe3+ 40. Kh2 g4 41. Re1 Qf4+ 42. g3 Qxf3 43.
Re8+ Kxd7 44. Rxa8 (44. Re5 {holt die Kuh nicht vom Eis} 44... Re8 45. Rxe8
Kxe8 46. c4 Ne4 47. c5 Qxg3+ 48. Kh1 Nf2#) 44... Ne4 45. Kg1 (45. Rd8+ {
aendert nichts mehr} 45... Kxd8 46. a3 Qxg3+ 47. Kh1 Nf2#) 45... Qf2+ (45...
Qf2+ 46. Kh1 Nxg3#) 0-1

[Event "58. BEM 2004"]
[Site "Dortmund"]
[Date "2004.03.15"]
[Round "7.21"]
[White "Hellwig, Thomas"]
[Black "Gerke, Dieter"]
[Result "1-0"]
[WhiteElo "1806"]
[BlackElo "1484"]
[Annotator "Fritz 7 (15s)"]
[PlyCount "56"]
[EventDate "2004.??.??"]
[Source "SG Dortmund"]
[SourceDate "2004.12.16"]

{E07: Closed Catalan: Main Line (5 Nf3 0-0 6 0-0 Nbd7)
} 1. d4 d5 2. c4 e6 3.
Nc3 c6 4. Nf3 Nf6 5. g3 Be7 6. Bg2 Nbd7 7. O-O O-O 8. a4 dxc4 9. Nd2 Nb6 $146 (
9... e5 10. Nxc4 exd4 11. Qxd4 Nc5 12. Qxd8 (12. Qf4 Be6 13. Bf3 Qc8 14. Be3
Ng4 15. Bxc5 Bxc5 16. Ne4 Be7 17. Ncd6 Bxd6 18. Nxd6 Qc7 19. Rfd1 Nf6 20. e4
Rad8 21. Rd2 Rd7 22. Rad1 Bb3 23. Rc1 Qa5 24. Rd4 Rfd8 25. e5 Ne8 26. Bg4 Re7 {
Renic,B-Butler,B/Mingara 2000/EXT 2001/1-0 (44)}) (12. Be3 Nb3 13. Qxd8 Rxd8
14. Rad1 Be6 15. Ne5 Nd5 16. Nxd5 cxd5 17. Bd4 Nxd4 18. Rxd4 Bc5 19. Rd2 Bb4
20. Rd4 Bc5 21. Rdd1 Rac8 22. Nd3 Bd6 23. Rd2 {
1-0 Toulzac,P-Delalande,T/Bescanon 1999/EXT 2000 (23)}) 12... Rxd8 13. Na5 Na6
14. Bf4 Bb4 15. Nc4 Be6 16. Nd2 h6 17. h4 Nd7 18. Na2 Be7 19. Nc3 Bb4 20. Na2
Be7 21. Nc3 {1/2-1/2 Tregubov,P-Chernin,A/Saint Vincent 2000/CBM 78 (21)}) 10.
a5 Nbd5 11. Nxc4 Nxc3 12. bxc3 Nd5 13. Qc2 Bd7 14. e4 Nf6 15. Ba3 Bxa3 16. Rxa3
Qe7 17. Rb3 Rab8 18. Rfb1 Bc8 19. e5 Nd5 20. Nd6 Qc7 21. c4 Ne7 22. Qd2 Qd7 23.
c5 Nd5 24. Bxd5 exd5 25. Rf3 (25. a6 b5 26. cxb6 Bxa6 $18) 25... Qh3 26. Rxf7
$4 {wirft den Vorteil weg} (26. Qg5 $142 $16) 26... Be6 $4 {
wirft den sicheren Gewinn weg} (26... Rxf7 $142 {
mit klarem Vorteil fuer Schwarz} 27. Nxf7 Kxf7 28. Qf4+ Qf5 29. Qxf5+ Bxf5 $19)
27. Re7 Bg4 28. Qg5 (28. Rbxb7 $2 {wird widerlegt durch} 28... Rxb7 29. Rxb7
Bf3 30. Rxg7+ Kh8 31. Rg8+ Rxg8 32. Nf7+ Kg7 33. Qg5+ Kf8 34. Qd8+ Kxf7 35.
Qf6+ Ke8 36. Qxf3 Rf8 $19) (28. Nxb7 Bf3 29. Rxg7+ Kxg7 30. Qh6+ Kxh6 31. Nd6
Rxb1#) (28. Rexb7 $2 {ist ein Schlag ins Wasser} 28... Rxb7 29. Rxb7 Bf3 30.
Rxg7+ Kh8 31. Rg8+ Rxg8 32. Nf7+ Kg7 33. Qg5+ Kxf7 34. Qf6+ Ke8 35. Qxf3 Rf8
$19) 28... g6 1-0

[Event "58. BEM 2004"]
[Site "Dortmund"]
[Date "2004.03.15"]
[Round "7.24"]
[White "Skoecz, Horst"]
[Black "Milonas, Georgios"]
[Result "0-1"]
[WhiteElo "1338"]
[BlackElo "1346"]
[Annotator "Fritz 7 (15s)"]
[PlyCount "112"]
[EventDate "2004.??.??"]
[Source "SG Dortmund"]
[SourceDate "2004.12.16"]

{B21: Sicilian: 2 f4 and Morra Gambit
} 1. e4 c5 2. d4 cxd4 3. Qxd4 Nc6 4. Qa4
g6 (4... d6 5. Nc3 Bd7 6. Nf3 Nf6 7. Bg5 e6 8. O-O-O a6 9. Qb3 b5 10. e5 dxe5
11. Ne4 Be7 12. Bxf6 gxf6 13. Qe3 Nb4 14. a3 Nd5 15. Qh6 f5 16. Nd6+ Bxd6 17.
Rxd5 Qe7 18. Rxd6 Qxd6 19. Qf6 {
Van der Heijden,T-Gallagher,J/San Bernardino 1994/EXT 97/0-1 (33)}) 5. c3 $146
{Es geht um b4+d4} (5. Bb5 Bg7 6. Nf3 (6. Bxc6 bxc6 7. Bd2 Qc7 8. c3 Nf6 9. Nf3
O-O 10. O-O Rb8 11. b3 d6 12. Re1 Bd7 13. e5 Nd5 14. Qh4 dxe5 15. c4 Nb6 16.
Qxe7 Rbe8 17. Qh4 e4 18. Ng5 h6 19. Re3 hxg5 20. Qxg5 Bxa1 21. h3 Bg7 22. h4
Re5 23. Qg3 Qb8 24. Bc3 Re6 25. Qxb8 Rxb8 26. Bxg7 Kxg7 {
0-1 Fuehrer,S-Burisch,C/Guben 1996/Juniors (26)}) 6... Nf6 7. O-O Qc7 8. Re1
O-O 9. e5 Nd5 10. Bxc6 bxc6 11. c4 Nb6 12. Qb3 d6 13. Bf4 Be6 14. Nbd2 Rab8 15.
Qc3 d5 16. c5 Na4 17. Qd4 Nxb2 18. Nb3 Nc4 19. h3 Rb7 20. Rab1 Rfb8 21. Ng5 a5
22. Nxe6 fxe6 23. Kf1 a4 24. Nd2 Nxd2+ 25. Qxd2 Rxb1 26. Rxb1 Rxb1+ {
0-1 Abdallah,M-Rodrigues,E/Merida 1997/EXT 99 (26)}) (5. Nc3 Bg7 6. Bd2 d6 7.
Nf3 Bd7 8. Qb5 Nd4 9. Qd3 Nxf3+ 10. Qxf3 Bc6 11. Bc4 Nf6 12. O-O O-O 13. Nd5
Bxd5 14. exd5 Nd7 15. Bc3 Bxc3 16. Qxc3 Rc8 17. Qd2 Rxc4 18. Qd3 Qc8 19. c3 Ne5
{Salvador-De Frutos,G/Barcelona 2001/EXT 2002/0-1 (40)}) 5... Bg7 6. Bc4 Nf6 7.
Bd5 Nxd5 8. exd5 Ne5 9. Qc2 Qa5 10. Qd1 (10. f4 Nc4 11. Qd3 b5 $15) 10... d6
11. Ne2 Qa6 12. O-O Nd3 13. Nf4 Nxc1 14. Qxc1 O-O 15. Re1 Re8 16. Na3 Bh6 17.
c4 (17. Qd2 $5 $11 {kommt in Betracht}) 17... e5 $17 18. g3 $4 {
fuehrt zu weiteren Sorgen} (18. dxe6 Bxe6 19. Re4 d5 20. cxd5 Bxd5 21. Rxe8+
Rxe8 $17) 18... Qa4 (18... Bd7 $142 $19 {und Schwarz ist direkt am Ziel}) 19.
Nb5 Rd8 (19... Bd7 $142 20. Nxd6 exf4 21. Nxe8 Rxe8 22. Rxe8+ Bxe8 $17) 20. b3
$4 (20. Qc3 $142 {geht wohl noch} 20... Rb8 21. Ng2 $11) 20... Qa5 $19 21. a3 (
21. b4 Qa4 22. Qd1 Qxd1 23. Raxd1 exf4 24. c5 dxc5 25. bxc5 $19) 21... exf4 22.
Nxd6 (22. gxf4 {die letzte Gegenchance} 22... Bg7 23. b4 $19) 22... Rxd6 23.
Re8+ Bf8 (23... Kg7 $142 {ist der schnellste Weg} 24. b4 Qc7 25. Qb2+ Rf6 $19)
24. Qxf4 Rd8 (24... Qc3 25. Rxf8+ {Eliminiert eine wichtige Deckungsfigur: f8}
25... Kxf8 26. Qxd6+ Kg7 $19) 25. b4 $17 Rxe8 26. bxa5 Bh3 (26... Bf5 27. d6
$17) 27. Qh4 (27. g4 $142 $5 f5 28. gxf5 Bxf5 29. Rd1 $17) 27... Bf5 $19 28. g4
Bd3 29. Qg3 Bxc4 30. d6 Rad8 31. Rd1 Re6 (31... Bb5 $5 {
waere im Gewinnsinne praeziser} 32. a6 bxa6 33. g5 $19) 32. d7 Bb5 33. Qc7 Be7
34. Qxb7 (34. h4 Be2 35. Rd4 Bf6 $19) 34... a6 (34... Ba4 35. Rb1 Rxd7 36. Qc8+
Kg7 37. h3 $19) 35. Rc1 $2 (35. h3 $142 $17) 35... Rxd7 $19 36. Rc8+ (36. Qc8+
Kg7 37. a4 Bxa4 38. Rb1 $19) 36... Kg7 37. Qa8 Rd1+ 38. Kg2 Rdd6 (38... h5 $142
{sichert den Gewinn} 39. gxh5 Bf1+ 40. Kg3 Bd6+ 41. f4 Re3+ 42. Qf3 Rxf3+ 43.
Kxf3 gxh5 44. Rd8 $19) 39. Kg3 Rd3+ 40. Kg2 Rdd6 (40... h6 {ginge schneller}
41. Qa7 $19) 41. Rg8+ $4 {danach wendet sich das Blatt} (41. Kg3 Rd4 42. h3
Bd6+ 43. Kg2 $19) 41... Kh6 $19 42. Qb8 (42. Rc8 {verlaengert das Leiden} 42...
Bc6+ 43. Rxc6 Rxc6 44. Qe8 $19) 42... Bc6+ 43. f3 (43. Kh3 {
aendert nichts am Ausgang der Partie} 43... Rd3+ 44. Qg3 Rxg3+ 45. Kxg3 Bd6+
46. Kh4 g5+ 47. Rxg5 Be7 $19) 43... Rd2+ 44. Kh3 Bd6 45. g5+ Kh5 46. Qxd6 Rdxd6
(46... Rexd6 47. a4 R6d3 48. Rxg6 Rxf3#) 47. Rg7 Re3 (47... f5 48. Kg3 Rd3 49.
h4 Rxf3+ 50. Kg2 Re2+ 51. Kg1 Rh3 52. Rxh7+ Kg4 53. Kf1 Bf3 54. h5 Rh1#) 48.
Rxh7+ Kxg5 49. Rxf7 Rxf3+ 50. Rxf3 Bxf3 51. Kg3 Rd3 52. h4+ Kh6 (52... Kf5 53.
Kh2 Kg4 54. Kg1 Kg3 55. h5 Rd1#) 53. Kf4 Rxa3 54. Kg3 Rxa5 55. Kxf3 Rh5 56. Kg4
a5 (56... a5 57. Kg3 a4 58. Kf3 a3 59. Kf4 a2 60. Kf3 a1=Q 61. Ke4 Qc3 62. Kf4
Rxh4#) (56... Rf5 57. h5 Rg5+ 58. Kf3 gxh5 59. Ke2 h4 60. Kd2 h3 61. Ke1 Rg2
62. Kf1 Kh5 63. Ke1 h2 64. Kf1 h1=Q#) 0-1